The Simpsons: Click-An-Ep Quiz Stats

 Plays Quiz Updated Jul 13, 2016

Challenge
Share
Tweet
Score 0/20 Timer 04:00
2 Plays Today
% Correct
Flaming Moe's
94.1%
Homer's Enemy
89.3%
Homer at the Bat
85.6%
Who Shot Mr. Burns?
84.6%
The Itchy and Scratchy
and Poochie Show
84.4%
Radioactive Man
83.3%
Marge vs. The Monorail
80.7%
Kamp Krusty
79.3%
Bart of Darkness
77.2%
Itchy and Scratchy Land
76.1%
% Correct
Homer the Great
74.2%
Rosebud
74%
You Only Move Twice
70%
Cape Feare
67.1%
A Fish Called Selma
63.1%
Homer vs. Lisa and the
8th Commandment
60.7%
Lemon of Troy
60.4%
22 Short Films
About Springfield
57.7%
'Round Springfield
43.9%
Last Exit to Springfield
39.6%

You're not logged in!

Compare scores with friends on all Sporcle quizzes.
Join for Free
OR
Log In

You Might Also Like...

Show Comments

Extras

Top Quizzes Today


Score Distribution

Your Account Isn't Verified!

In order to create a playlist on Sporcle, you need to verify the email address you used during registration. Go to your Sporcle Settings to finish the process.

Report this User

Report this user for behavior that violates our Community Guidelines.

Details: